01821cam a22002895a 4500999001700000005001700017008004100034020001800075020001500093040005000108082002200158100002100180245010000201250003900301260004800340300004200388500002000430520063400450650002701084651001001111653003101121700002201152700002101174942000801195952015801203952017001361 c27328d2729920190508110217.0180219t2019 nyua fr 001 0 eng d a9781260092684 a1260092682 aStDuBDSbengcStDuBDSdUkdEG-ScBUEdEG-ScBUE04a621.4021bCEN2221 aCengel, Yunus A.10aThermodynamics :ban engineering approach /cYunus A. Cengel, Michael A. Boles, Mehmet Kanoglu. a9th ed., International student ed. aNew York :bMcGraw-Hill Education,cc.2019. axxiv, 984 p. :bill. (col.) ;c28 cm. aIncludes index. aThermodynamics, An Engineering Approach, covers the basic principles of thermodynamics while presenting a wealth of real-world engineering examples, so students get a feel for how thermodynamics is applied in engineering practice. This text helps students develop an intuitive understanding by emphasizing the physics and physical arguments. Cengel and Boles explore the various facets of thermodynamics through careful explanations of concepts and use of numerous practical examples and figures, having students develop necessary skills to bridge the gap between knowledge, and the confidence to properly apply their knowledge.  7aThermodynamics.2BUEsh 2BUEsh bENGMECcMarch2019cMay20191 aBoles, Michael A.1 aKanoglu, Mehmet. 2ddc 00102ddc40708AlahramaMAINbMAINc1STd2019-03-30ePurchaseg739.00h527l8m42o621.4021 CENp000043302r2026-02-09 00:00:00s2026-02-03v923.75yBB 00102ddc40708BaccahaMAINbMAINc1STd2019-03-30ePurchaseg880.00h174l5m72o621.4021 CENp000043303q2025-10-28r2025-10-21 00:00:00s2025-10-21v1100.00yBB